000 01558nam a2200289 a 4500
001 BRCA_2465
005 20190320203825.0
008 191108s1832----sp-a---###---#000-0dspa-u
041 _aspa
044 _asp
084 _a105
_b.F84
_c1832
100 1 _aCervantes Saavedra, Miguel de
_d1547-1616
_9213
245 1 0 _aEl Ingenioso Hidalgo Don Quijote de la Mancha
_cpor Miguel de Cervantes Saavedra.
260 _aMadrid
_bFuentenebro
_c1832
300 _a4 v.
_bil.
_c16 cm.
500 _aContenido : v 1. Primera parte. retrato de Cervantes. Advertencia del editor. Noticia de la vida y obra de Cervantes por Quintana. Dedicatoria del autor. Prólogo del autor. Versos preliminares. Texto. -- v 2.¨Texto. -- v 3. Segunda parte. Dedicatoria del autor. Prólogo del autor. Texto. -- v 4. Texto
500 _aEdición cuyo texto, láminas y retrato de Cervantes están tomados de la publicada por la cuarta edición de la Academia, en 1819. Contiene noticia de la vida y de las obras de Cervantes, por M. Quintana. Aunque de surtido, el papel es bueno y los tipos claros. Semipiel; lomeras con filetes dorados Lúdovik Osterc
500 _aQM89
650 1 4 _aNovela española
_yÉpoca clásica, 1500-1700
_9215
650 1 4 _aLiteratura española
_yÉpoca clásica, 1500-1700
_9216
650 1 4 _aNovela española
_ySiglo XVII
_9217
650 1 4 _aDon Quijote (Personaje ficticio)
_eNovela
_9218
700 1 _aQuintana, Manuel José
_d1772-1857
_eBiógrafo
_97159
740 0 _aEl Ingenioso Hidalgo Don Quijote de la Mancha
902 _aQFM
942 _2lcc
_cB
999 _c2206
_d2206